000 00433nam a2200169Ia 4500
008 230917s9999||||xx |||||||||||||| ||und||
020 _cRS395
040 _e257826
_aMAIN
041 _aEnglish
082 _a590.151 M261Q
100 _aMadan, Sanjay
245 0 _aQuantitative zoology
260 _aNew Delhi
_bMedtech
_c2017
300 _avii, 440 p.
500 _a3601 10/09/2019 PBA19/493 11/09/2019 Main Budget
942 _cBK
999 _c32720
_d32720